000 00758nam a2200217 u 4500
005 20250812063918.0
008 190222s2006 r 000 0 eng d
020 _a970570029x
035 _aUPN01000229222
049 _aLTG
050 4 _aLC4015
_bB3.2
100 1 _aBalcazár de la Cruz, Andrés
_943129
245 1 0 _aAccesibilidad :
_btodos a la misma escuela /
_cAndrés Balcazár de la Cruz.
260 _aMéxico :
_bSEP, Programa Nacional de Fortalecimiento de la Educación Especial y de la Integración Educativa,
_c2006.
300 _a64 p.
650 4 _aEstudiantes con discapacidad
_913659
650 4 _aIntegración escolar
_9306
650 7 _aAccesibilidad para personas con discapacidad
_2
_925344
905 _aLibro
999 _c201317
_d201317